000 00529nam a2200217Ia 4500
003 GCL
008 140319s9999 xx 000 0 eng d
040 _aGCL /
_cGCL
082 0 4 _aCC
_b762.232
_bW M
100 1 _aWIET, GASTON
245 1 0 _aLES MOSQUEES DU CAIRE /
_cWIET, GASTON
700 1 _aSHOUCAIR, ALBERT
260 _a[S.N] :
_bHACHETTE ،
_c1966
300 _a111 P
650 0 4 _aISLAM - HISTORY
650 0 4 _aHISTORY
650 0 4 _aCAIRO
650 0 4 _aMOSQUES
650 0 4 _aISLAMIC MONUMENTS
942 _2ddc
_cBK
999 _c25155
_d25155